00522nam a2200193 a 450000100060000000300090000600800410001502000150005604000280007108200180009910000200011724500530013726000300019030000110022049000250023165000240025665000260028065000220030618920CO-ViMGA141112s2004 ck r 000 u spa d a8489920192 aCO-ViMGAbspacCO-ViMGA04a790.1922 S4511 aSilberg, Jackie10aJuegos para desarrollar la inteligencia del bebe aBarcelona : bOniro; 2001 a284 p. aEl niño y su mundo14aDESARROLLO INFANTIL14aESTIMULACION TEMPRANA14aJUEGOS INFANTILES